[Event "CRO-chT3"]
[Site "Zagreb"]
[Date "2008.05.04"]
[Round "6"]
[White "Bilafer, Nedjeljko"]
[Black "Livaic, Damir"]
[Result "1-0"]
[WhiteElo "2028"]
[BlackElo "1965"]
[PlyCount "120"]
[EventDate "2008.03.30"]
[EventType "team-tourn"]
[EventRounds "9"]
[EventCountry "CRO"]
[SourceTitle "EXT 2011"]
[Source "ChessBase"]
[SourceDate "2010.11.26"]
[SourceVersion "1"]
[SourceVersionDate "2010.11.26"]
[SourceQuality "1"]

1. e4 c6 2. f4 d5 3. e5 e6 4. Nf3 Ne7 5. d4 c5 6. c3 cxd4 7. cxd4 Nbc6 8. Nc3 Nf5 9. g4 Nh4 10. Be3 h5 11. g5 Nf5 12. Bf2 Qb6 13. Qd2 Bd7 14. Bh3 Nce7 15. 0-0 g6 16. Rfd1 Bg7 17. b4 0-0 18. a4 Qxb4 19. Rdb1 Qa5 20. Rxb7 Bc6 21. Rb3 Rfc8 22. Be1 Bf8 23. Ne4 Qxd2 24. Nf6+ Kg7 25. Bxd2 Rcb8 26. Rc3 Rb2 27. Bxf5 exf5 28. Kf2 Rab8 29. Ke3 R8b3 30. Kd3 Bb7 31. Rxb3 Rxb3+ 32. Bc3 Nc8 33. Nd2 Rb6 34. a5 Re6 35. Kc2 Ne7 36. Rb1 Ba6 37. Rb8 Rc6 38. Kb2 Rc8 39. Rxc8 Bxc8 40. Nf1 Be6 41. Ne3 Kh8 42. Bb4 Kg7 43. Bxe7 Bxe7 44. Nfxd5 Bd8 45. a6 Ba5 46. Kc2 Be1 47. Nc7 Bd7 48. d5 Bf2 49. Kd2 h4 50. Ke2 Bg1 51. h3 Kf8 52. Nc4 Ke7 53. Kf3 Kd8 54. Na8 Bb5 55. Nd6 Bxa6 56. Nxf7+ Ke7 57. Nc7 Kxf7 58. Nxa6 Ke7 59. Nb8 Bb6 60. Nc6+ Kd7 1-0